[Event "H. C. Andersen Mindgames"]
[Site "?"]
[Date "2012.05.16"]
[Round "1.1"]
[White "Georgiev, 2555, GM Vladimir"]
[Black "Frantsen, 2122, Tom"]
[Result "1/2-1/2"]
[LiveChessVersion "1.3.1"]
[BlackElo "2122"]
[WhiteElo "2555"]

1. d4 Nf6 2. c4 e6 3. Nf3 b6 4. Nc3 Bb4 5. e3 Bb7 6. Bd3 O-O 7. O-O Bxc3 8. bxc3
d6 9. Nd2 c5 10. e4 Nc6 11. d5 Ne5 12. Be2 Ng6 13. f4 Qe7 14. Bd3 exd5 15. cxd5
Nxd5 16. Nc4 Nf6 17. Re1 Rad8 18. f5 Ne5 19. Bg5 Nxc4 20. Bxc4 Qe5 21. Qf3 h6 22.
Bh4 Kh7 23. Rad1 g5 24. Bg3 Qe7 25. Qd3 Bxe4 26. Bxd6 Qb7 27. Qg3 Rfe8 28. Be5
Rxd1 29. Rxd1 Nh5 30. Qg4 Rxe5 31. Qxh5 Bxf5 32. Bxf7 Qe7 33. Rf1 Re1 34. Bc4
Qe3+ 35. Kh1 Rxf1+ 36. Bxf1 Bg6 37. Qd1 Qxc3 38. h3 Qf6 39. Bc4 Qd4 40. Qf1 Qf4
41. Qe2 Be4 42. Kg1 Kg6 43. Bb3 Qc1+ 44. Kh2 Qf4+ 45. Kg1 Qc1+ 46. Kh2 Qf4+
1/2-1/2

[Event "H. C. Andersen Mindgames"]
[Site "?"]
[Date "2012.05.16"]
[Round "1.2"]
[White "Pedersen, 2112, Henrik Bolding"]
[Black "Maksimenko, 2554, GM Andrei"]
[Result "0-1"]
[LiveChessVersion "1.3.1"]
[BlackElo "2554"]
[WhiteElo "2112"]

1. e4 {[%clk 1:30:56]} c5 {[%clk 1:30:55]} 2. c3 {[%clk 1:31:19]} Nf6
{[%clk 1:31:16]} 3. e5 {[%clk 1:31:42]} Nd5 {[%clk 1:31:43]} 4. Nf3
{[%clk 1:32:01]} d6 {[%clk 1:31:37]} 5. Bc4 {[%clk 1:29:41]} Nb6 {[%clk 1:31:51]}
6. Bb3 {[%clk 1:29:33]} Nc6 {[%clk 1:28:06]} 7. exd6 {[%clk 1:22:34]} c4
{[%clk 1:24:03]} 8. Bc2 {[%clk 1:21:34]} Qxd6 {[%clk 1:24:25]} 9. O-O
{[%clk 1:16:13]} Bg4 {[%clk 1:23:54]} 10. Qe2 {[%clk 1:13:41]} Qf6
{[%clk 1:10:02]} 11. Be4 {[%clk 1:08:52]} O-O-O {[%clk 1:06:18]} 12. Na3
{[%clk 1:02:48]} Ne5 {[%clk 0:53:10]} 13. b3 {[%clk 0:53:22]} Nxf3+
{[%clk 0:31:55]} 14. Bxf3 {[%clk 0:50:28]} Bxf3 {[%clk 0:32:19]} 15. Qxf3
{[%clk 0:44:10]} Qxf3 {[%clk 0:32:16]} 16. gxf3 {[%clk 0:44:38]} cxb3
{[%clk 0:30:21]} 17. axb3 {[%clk 0:44:45]} e5 {[%clk 0:25:43]} 18. Nc2
{[%clk 0:39:14]} a6 {[%clk 0:25:07]} 19. d4 {[%clk 0:29:47]} exd4
{[%clk 0:22:42]} 20. Nxd4 {[%clk 0:29:13]} Nd5 {[%clk 0:18:49]} 21. Be3
{[%clk 0:20:53]} Bc5 {[%clk 0:12:53]} 22. Ra4 {[%clk 0:17:15]} Bb6
{[%clk 0:11:39]} 23. Nc2 {[%clk 0:06:57]} Nxe3 {[%clk 0:11:15]} 24. Nxe3
{[%clk 0:04:51]} Rd3 {[%clk 0:11:24]} 25. Rc4+ {[%clk 0:04:40]} Kb8
{[%clk 0:11:38]} 26. Kg2 {[%clk 0:02:25]} Bxe3 {[%clk 0:10:26]} 27. fxe3
{[%clk 0:02:53]} Rxe3 {[%clk 0:10:51]} 28. Rd1 {[%clk 0:03:00]} Rc8
{[%clk 0:10:59]} 29. Rdd4 {[%clk 0:02:41]} Rxc3 {[%clk 0:11:02]} 0-1

[Event "H. C. Andersen Mindgames"]
[Site "?"]
[Date "2012.05.16"]
[Round "1.3"]
[White "Rusev, 2525, GM Krasimir"]
[Black "Poulsen, 2084, Iver"]
[Result "1-0"]
[LiveChessVersion "1.3.1"]
[BlackElo "2084"]
[WhiteElo "2525"]

1. d4 {[%clk 1:30:55]} d5 {[%clk 1:30:53]} 2. c4 {[%clk 1:31:17]} e6
{[%clk 1:31:19]} 3. Nf3 {[%clk 1:31:26]} c6 {[%clk 1:31:29]} 4. Qc2
{[%clk 1:31:19]} dxc4 {[%clk 1:29:38]} 5. Qxc4 {[%clk 1:31:23]} Nf6
{[%clk 1:29:37]} 6. Bg5 {[%clk 1:31:49]} Qa5+ {[%clk 1:29:26]} 7. Nbd2
{[%clk 1:25:08]} Ne4 {[%clk 1:25:46]} 8. Be3 {[%clk 1:25:34]} Nd7
{[%clk 1:19:04]} 9. a3 {[%clk 1:20:21]} Ndf6 {[%clk 1:18:26]} 10. Qc2
{[%clk 1:19:59]} Be7 {[%clk 1:17:05]} 11. g3 {[%clk 1:19:31]} O-O
{[%clk 1:16:06]} 12. Bg2 {[%clk 1:19:57]} Nd6 {[%clk 1:11:31]} 13. Bg5
{[%clk 1:18:18]} h6 {[%clk 1:05:09]} 14. Bxf6 {[%clk 1:18:37]} Bxf6
{[%clk 1:05:27]} 15. O-O {[%clk 1:16:06]} g6 {[%clk 1:01:53]} 16. Rfd1
{[%clk 1:09:31]} Bg7 {[%clk 1:00:56]} 17. Rac1 {[%clk 1:09:58]} Rd8
{[%clk 0:57:36]} 18. e4 {[%clk 1:05:55]} Bd7 {[%clk 0:49:16]} 19. g4
{[%clk 1:00:00]} Rac8 {[%clk 0:47:48]} 20. e5 {[%clk 0:59:35]} Ne8
{[%clk 0:46:55]} 21. Ne4 {[%clk 0:58:29]} Qc7 {[%clk 0:45:15]} 22. h4
{[%clk 0:53:32]} b6 {[%clk 0:40:03]} 23. b4 {[%clk 0:53:19]} Qb7 {[%clk 0:39:27]}
24. h5 {[%clk 0:49:56]} g5 {[%clk 0:37:58]} 25. Qb1 {[%clk 0:47:31]} Rc7
{[%clk 0:33:43]} 26. Rc3 {[%clk 0:47:38]} Qb8 {[%clk 0:32:12]} 27. Nexg5
{[%clk 0:42:32]} hxg5 {[%clk 0:27:43]} 28. Nxg5 {[%clk 0:42:52]} f5
{[%clk 0:27:02]} 29. gxf5 {[%clk 0:43:14]} exf5 {[%clk 0:27:20]} 30. h6
{[%clk 0:42:07]} Bxh6 {[%clk 0:26:57]} 31. Qb3+ {[%clk 0:42:25]} Kh8
{[%clk 0:25:56]} 32. Rh3 {[%clk 0:42:43]} 1-0

[Event "H. C. Andersen Mindgames"]
[Site "?"]
[Date "2012.05.16"]
[Round "1.4"]
[White "Hauge, 2071, Lars Oskar"]
[Black "Aagaard, 2505, GM Jacob"]
[Result "0-1"]
[LiveChessVersion "1.3.1"]
[BlackElo "2505"]
[WhiteElo "2071"]

1. e4 {[%clk 1:30:58]} c5 {[%clk 1:30:12]} 2. Nf3 {[%clk 1:31:21]} e6
{[%clk 1:30:22]} 3. d4 {[%clk 1:31:42]} cxd4 {[%clk 1:30:30]} 4. Nxd4
{[%clk 1:32:04]} a6 {[%clk 1:30:11]} 5. Bd3 {[%clk 1:32:15]} Nf6 {[%clk 1:30:09]}
6. O-O {[%clk 1:32:24]} Qc7 {[%clk 1:29:13]} 7. Qe2 {[%clk 1:29:10]} d6
{[%clk 1:29:13]} 8. a4 {[%clk 1:25:10]} g6 {[%clk 1:24:34]} 9. f4
{[%clk 1:12:44]} Bg7 {[%clk 1:23:54]} 10. Be3 {[%clk 1:10:16]} b6
{[%clk 1:20:30]} 11. a5 {[%clk 1:05:54]} bxa5 {[%clk 1:16:22]} 12. Nd2
{[%clk 1:00:08]} O-O {[%clk 1:12:37]} 13. N4b3 {[%clk 0:56:52]} Nc6
{[%clk 1:08:33]} 14. Nc4 {[%clk 0:54:52]} Rb8 {[%clk 1:07:55]} 15. e5
{[%clk 0:42:17]} dxe5 {[%clk 1:06:15]} 16. fxe5 {[%clk 0:36:38]} Nd7
{[%clk 1:05:02]} 17. Bf4 {[%clk 0:34:56]} Rb4 {[%clk 1:03:12]} 18. Bd2
{[%clk 0:32:51]} Rxc4 {[%clk 0:55:06]} 19. Bxc4 {[%clk 0:31:44]} Ncxe5
{[%clk 0:55:26]} 20. Nxa5 {[%clk 0:29:00]} Qb6+ {[%clk 0:51:31]} 21. Be3
{[%clk 0:21:19]} Qxb2 {[%clk 0:51:40]} 22. Nb3 {[%clk 0:21:06]} Nxc4
{[%clk 0:38:09]} 23. Qxc4 {[%clk 0:21:13]} Qe5 {[%clk 0:37:01]} 24. Rae1
{[%clk 0:18:27]} Qh5 {[%clk 0:33:46]} 25. Bf4 {[%clk 0:16:40]} Bb7
{[%clk 0:22:32]} 26. Rf2 {[%clk 0:12:13]} Nf6 {[%clk 0:16:35]} 27. Qc7
{[%clk 0:04:47]} Qb5 {[%clk 0:15:03]} 28. Qc5 {[%clk 0:03:25]} Qd7
{[%clk 0:11:16]} 29. Rd2 {[%clk 0:03:30]} Qa4 {[%clk 0:07:41]} 30. Rd4
{[%clk 0:03:14]} Qa2 {[%clk 0:06:14]} 31. Be5 {[%clk 0:02:39]} Rc8
{[%clk 0:03:39]} 32. Qb6 {[%clk 0:02:19]} Bd5 {[%clk 0:02:44]} 33. Rd2
{[%clk 0:01:31]} Nd7 {[%clk 0:02:09]} 34. Qd4 {[%clk 0:00:32]} Nxe5
{[%clk 0:02:33]} 35. Rxe5 {[%clk 0:00:34]} Bxe5 {[%clk 0:02:56]} 36. Qxe5
{[%clk 0:00:59]} Bxb3 {[%clk 0:03:18]} 0-1

[Event "H. C. Andersen Mindgames"]
[Site "?"]
[Date "2012.05.16"]
[Round "1.5"]
[White "Danielsen, 2498, GM Henrik"]
[Black "Bonnelykke, 2027, Ole"]
[Result "1-0"]
[LiveChessVersion "1.3.1"]
[BlackElo "2027"]
[WhiteElo "2498"]

1. c4 {[%clk 1:26:55]} Nf6 {[%clk 1:30:29]} 2. Nc3 {[%clk 1:23:55]} e6
{[%clk 1:30:29]} 3. e4 {[%clk 1:19:51]} Nc6 {[%clk 1:26:03]} 4. Nf3
{[%clk 1:14:25]} d5 {[%clk 1:18:37]} 5. e5 {[%clk 1:12:37]} Ne4 {[%clk 1:14:20]}
6. d4 {[%clk 1:11:04]} Bb4 {[%clk 1:10:04]} 7. Qc2 {[%clk 1:10:32]} f5
{[%clk 1:07:30]} 8. a3 {[%clk 1:10:10]} Bxc3+ {[%clk 1:04:28]} 9. bxc3
{[%clk 1:10:35]} O-O {[%clk 1:04:13]} 10. h4 {[%clk 1:06:24]} Bd7
{[%clk 0:57:56]} 11. Bf4 {[%clk 1:03:48]} Ne7 {[%clk 0:56:34]} 12. Bd3
{[%clk 0:55:30]} c5 {[%clk 0:52:22]} 13. Kf1 {[%clk 0:50:18]} Rc8
{[%clk 0:49:04]} 14. dxc5 {[%clk 0:43:03]} Rxc5 {[%clk 0:45:57]} 15. Be3
{[%clk 0:41:37]} Rc8 {[%clk 0:42:02]} 16. Kg1 {[%clk 0:40:53]} b5
{[%clk 0:40:03]} 17. cxb5 {[%clk 0:38:14]} Rxc3 {[%clk 0:38:06]} 18. Qd1
{[%clk 0:38:00]} Qc7 {[%clk 0:34:40]} 19. Bd4 {[%clk 0:37:01]} Rc8
{[%clk 0:31:54]} 20. a4 {[%clk 0:31:20]} Ng6 {[%clk 0:29:12]} 21. g3
{[%clk 0:30:34]} Nh8 {[%clk 0:22:25]} 22. Kg2 {[%clk 0:29:18]} Nf7
{[%clk 0:22:36]} 23. Bxc3 {[%clk 0:29:09]} Qxc3 {[%clk 0:22:21]} 24. Rc1
{[%clk 0:29:20]} Qa5 {[%clk 0:21:22]} 25. Rxc8+ {[%clk 0:29:30]} Bxc8
{[%clk 0:21:48]} 26. Qc2 {[%clk 0:28:32]} Bd7 {[%clk 0:20:24]} 27. Rc1
{[%clk 0:28:14]} Qd8 {[%clk 0:18:50]} 28. Qc7 {[%clk 0:28:08]} Qe8
{[%clk 0:16:58]} 29. Qxa7 {[%clk 0:28:24]} g5 {[%clk 0:17:08]} 30. hxg5
{[%clk 0:27:33]} 1-0

[Event "H. C. Andersen Mindgames"]
[Site "?"]
[Date "2012.05.16"]
[Round "1.6"]
[White "Nielsen, 1998, Brian"]
[Black "Smith, 2483, IM Axel"]
[Result "0-1"]
[LiveChessVersion "1.3.1"]
[BlackElo "2483"]
[WhiteElo "1998"]

1. d4 {[%clk 1:30:55]} Nf6 {[%clk 1:30:57]} 2. Nf3 {[%clk 1:30:13]} g6
{[%clk 1:30:26]} 3. g3 {[%clk 1:29:59]} Bg7 {[%clk 1:30:48]} 4. Bg2
{[%clk 1:30:00]} O-O {[%clk 1:30:53]} 5. O-O {[%clk 1:30:14]} d6 {[%clk 1:26:32]}
6. c4 {[%clk 1:28:59]} Nbd7 {[%clk 1:26:17]} 7. Nc3 {[%clk 1:28:38]} c6
{[%clk 1:26:23]} 8. e4 {[%clk 1:26:21]} e5 {[%clk 1:26:36]} 9. d5
{[%clk 1:22:55]} Nc5 {[%clk 1:22:52]} 10. Qe2 {[%clk 1:19:41]} cxd5
{[%clk 1:19:38]} 11. cxd5 {[%clk 1:17:14]} Bd7 {[%clk 1:20:05]} 12. b4
{[%clk 1:10:53]} Na4 {[%clk 1:20:07]} 13. Nxa4 {[%clk 1:09:50]} Bxa4
{[%clk 1:20:35]} 14. Bd2 {[%clk 1:07:44]} Qb6 {[%clk 1:15:05]} 15. Rfc1
{[%clk 0:49:33]} Rfc8 {[%clk 1:15:15]} 16. a3 {[%clk 0:41:40]} Bb5
{[%clk 1:12:34]} 17. Qe1 {[%clk 0:38:48]} Qa6 {[%clk 1:00:57]} 18. Qe3
{[%clk 0:25:02]} Ng4 {[%clk 0:59:13]} 19. Qb3 {[%clk 0:23:41]} Ba4
{[%clk 0:58:26]} 20. Qb2 {[%clk 0:22:49]} Qe2 {[%clk 0:42:56]} 21. Bc3
{[%clk 0:17:54]} Qxb2 {[%clk 0:43:17]} 22. Bxb2 {[%clk 0:18:22]} Bh6
{[%clk 0:43:41]} 23. Re1 {[%clk 0:14:33]} Rc2 {[%clk 0:42:24]} 24. Bc1
{[%clk 0:13:27]} Bxc1 {[%clk 0:42:47]} 25. Raxc1 {[%clk 0:12:46]} Rac8
{[%clk 0:43:11]} 26. Rxc2 {[%clk 0:09:15]} Rxc2 {[%clk 0:43:39]} 0-1

[Event "H. C. Andersen Mindgames"]
[Site "?"]
[Date "2012.05.16"]
[Round "1.7"]
[White "Haub, 2476, IM Thorsten Michael"]
[Black "Sorensen, 1993, Alex"]
[Result "1-0"]
[LiveChessVersion "1.3.1"]
[BlackElo "1993"]
[WhiteElo "2476"]

1. Nf3 {[%clk 1:30:57]} e6 {[%clk 1:30:30]} 2. g3 {[%clk 1:31:18]} b5
{[%clk 1:30:42]} 3. Bg2 {[%clk 1:31:38]} Bb7 {[%clk 1:30:53]} 4. d3
{[%clk 1:32:00]} c5 {[%clk 1:27:45]} 5. O-O {[%clk 1:32:16]} Nf6 {[%clk 1:26:06]}
6. e4 {[%clk 1:31:34]} d6 {[%clk 1:24:37]} 7. Nh4 {[%clk 1:31:09]} Be7
{[%clk 1:19:20]} 8. e5 {[%clk 1:31:11]} Bxg2 {[%clk 1:18:50]} 9. exf6
{[%clk 1:31:32]} Bxf1 {[%clk 1:18:21]} 10. fxe7 {[%clk 1:30:15]} Qxe7
{[%clk 1:18:31]} 11. Qxf1 {[%clk 1:26:37]} Nc6 {[%clk 1:11:07]} 12. Nd2
{[%clk 1:24:04]} O-O {[%clk 0:59:44]} 13. f4 {[%clk 1:21:41]} f6 {[%clk 0:50:51]}
14. Ndf3 {[%clk 1:14:35]} a5 {[%clk 0:40:49]} 15. Be3 {[%clk 1:08:00]} Nb4
{[%clk 0:38:11]} 16. Qf2 {[%clk 1:05:32]} a4 {[%clk 0:32:34]} 17. d4
{[%clk 1:02:30]} Rac8 {[%clk 0:31:08]} 18. dxc5 {[%clk 1:01:11]} dxc5
{[%clk 0:30:28]} 19. Qe2 {[%clk 0:58:37]} Nd5 {[%clk 0:28:46]} 20. Bf2
{[%clk 0:57:54]} b4 {[%clk 0:26:32]} 21. a3 {[%clk 0:51:54]} Qd7 {[%clk 0:20:05]}
22. Nd2 {[%clk 0:48:58]} e5 {[%clk 0:14:53]} 23. fxe5 {[%clk 0:48:35]} fxe5
{[%clk 0:15:04]} 24. Ne4 {[%clk 0:47:06]} c4 {[%clk 0:12:19]} 25. axb4
{[%clk 0:46:37]} Nxb4 {[%clk 0:12:21]} 26. Rd1 {[%clk 0:43:41]} Qe7
{[%clk 0:08:53]} 27. Qg4 {[%clk 0:41:42]} Nxc2 {[%clk 0:07:07]} 28. Nf5
{[%clk 0:40:19]} Rxf5 {[%clk 0:05:19]} 29. Qxf5 {[%clk 0:40:37]} Rf8
{[%clk 0:05:12]} 30. Nf6+ {[%clk 0:40:12]} Qxf6 {[%clk 0:03:52]} 31. Qxc2
{[%clk 0:40:35]} Qc6 {[%clk 0:03:34]} 32. Qe2 {[%clk 0:39:40]} Qb5
{[%clk 0:03:26]} 33. Rd6 {[%clk 0:38:32]} a3 {[%clk 0:00:58]} 34. bxa3
{[%clk 0:38:18]} Qb3 {[%clk 0:01:14]} 35. Qxe5 {[%clk 0:34:28]} Qxa3
{[%clk 0:01:36]} 36. Qd5+ {[%clk 0:34:42]} Kh8 {[%clk 0:02:01]} 37. Rd8
{[%clk 0:34:24]} c3 {[%clk 0:01:15]} 38. Qa5 {[%clk 0:32:47]} 1-0

[Event "H. C. Andersen Mindgames"]
[Site "?"]
[Date "2012.05.16"]
[Round "1.8"]
[White "Hansen, 1922, Lars-Henrik Bech"]
[Black "Antonsen, 2446, IM Mikkel"]
[Result "1/2-1/2"]
[LiveChessVersion "1.3.1"]
[BlackElo "2446"]
[WhiteElo "1992"]

1. e4 {[%clk 1:28:13]} e6 {[%clk 1:30:51]} 2. d4 {[%clk 1:28:31]} d5
{[%clk 1:31:17]} 3. Nc3 {[%clk 1:28:51]} Bb4 {[%clk 1:31:37]} 4. Bd2
{[%clk 1:29:05]} Ne7 {[%clk 1:29:13]} 5. Qg4 {[%clk 1:25:51]} O-O
{[%clk 1:26:32]} 6. O-O-O {[%clk 1:25:12]} e5 {[%clk 1:25:27]} 7. Qh5
{[%clk 1:24:28]} exd4 {[%clk 1:18:50]} 8. Nxd5 {[%clk 1:23:29]} Nxd5
{[%clk 1:18:11]} 9. Qxd5 {[%clk 1:23:30]} Be6 {[%clk 1:07:23]} 10. Qxd8
{[%clk 1:14:25]} Bxd2+ {[%clk 1:07:49]} 11. Rxd2 {[%clk 1:14:44]} Rxd8
{[%clk 1:08:16]} 12. Nf3 {[%clk 1:15:00]} c5 {[%clk 1:08:12]} 13. a3
{[%clk 1:14:42]} Nc6 {[%clk 1:03:52]} 14. Ng5 {[%clk 1:14:12]} Bd7
{[%clk 1:01:37]} 15. f4 {[%clk 1:13:01]} h6 {[%clk 1:01:53]} 16. Nf3
{[%clk 1:13:14]} a6 {[%clk 0:59:34]} 17. Rg1 {[%clk 1:12:42]} b5 {[%clk 0:53:55]}
18. g4 {[%clk 1:13:04]} g6 {[%clk 0:48:49]} 19. h4 {[%clk 1:12:41]} Re8
{[%clk 0:47:41]} 20. e5 {[%clk 1:06:25]} Ne7 {[%clk 0:47:49]} 21. Bd3
{[%clk 1:04:31]} Bc6 {[%clk 0:47:06]} 22. Rf2 {[%clk 1:04:22]} Kh8
{[%clk 0:42:40]} 23. Nd2 {[%clk 0:57:49]} c4 {[%clk 0:43:00]} 24. Be2
{[%clk 0:56:51]} Nd5 {[%clk 0:36:37]} 25. Bf3 {[%clk 0:57:04]} Re6
{[%clk 0:26:02]} 26. Bxd5 {[%clk 0:55:07]} Bxd5 {[%clk 0:26:26]} 27. Nf3
{[%clk 0:55:26]} Bxf3 {[%clk 0:23:30]} 28. Rxf3 {[%clk 0:55:49]} f6
{[%clk 0:22:37]} 29. exf6 {[%clk 0:55:58]} Rxf6 {[%clk 0:23:03]} 30. Re1
{[%clk 0:56:09]} Rd8 {[%clk 0:18:37]} 31. Re4 {[%clk 0:55:53]} 1/2-1/2

[Event "H. C. Andersen Mindgames"]
[Site "?"]
[Date "2012.05.16"]
[Round "1.9"]
[White "Hagen, 2445, IM Andreas Skytte"]
[Black "Stolberg Rohr, 1985, WFM Thomine"]
[Result "1-0"]
[LiveChessVersion "1.3.1"]
[BlackElo "1985"]
[WhiteElo "2445"]

1. g3 {[%clk 1:30:57]} d6 {[%clk 1:30:51]} 2. Bg2 {[%clk 1:30:52]} e5
{[%clk 1:30:52]} 3. c4 {[%clk 1:29:50]} Nc6 {[%clk 1:31:15]} 4. Nc3
{[%clk 1:30:03]} f5 {[%clk 1:30:54]} 5. d3 {[%clk 1:29:51]} Nf6 {[%clk 1:30:52]}
6. e4 {[%clk 1:30:02]} g6 {[%clk 1:28:57]} 7. Nge2 {[%clk 1:30:13]} Bg7
{[%clk 1:29:20]} 8. O-O {[%clk 1:30:32]} O-O {[%clk 1:29:43]} 9. Nd5
{[%clk 1:29:07]} Nxd5 {[%clk 1:25:18]} 10. cxd5 {[%clk 1:29:23]} Nb8
{[%clk 1:24:38]} 11. Be3 {[%clk 1:23:14]} Na6 {[%clk 1:11:04]} 12. Qd2
{[%clk 1:18:32]} Bd7 {[%clk 1:05:15]} 13. d4 {[%clk 1:16:49]} exd4
{[%clk 0:47:11]} 14. Nxd4 {[%clk 1:13:42]} Nc5 {[%clk 0:46:11]} 15. exf5
{[%clk 1:10:37]} Bxf5 {[%clk 0:46:12]} 16. b4 {[%clk 1:06:13]} Na4
{[%clk 0:40:20]} 17. Rac1 {[%clk 1:03:48]} a6 {[%clk 0:38:02]} 18. Bg5
{[%clk 0:55:35]} Bf6 {[%clk 0:37:06]} 19. Bxf6 {[%clk 0:55:01]} Rxf6
{[%clk 0:37:15]} 20. Nxf5 {[%clk 0:50:00]} Rxf5 {[%clk 0:36:33]} 21. Qc2
{[%clk 0:47:42]} Nb6 {[%clk 0:32:23]} 22. Qxc7 {[%clk 0:46:18]} Qxc7
{[%clk 0:32:52]} 23. Rxc7 {[%clk 0:46:40]} Rb8 {[%clk 0:29:41]} 24. Re1
{[%clk 0:44:56]} Nxd5 {[%clk 0:25:07]} 25. Bxd5+ {[%clk 0:45:16]} Rxd5
{[%clk 0:25:33]} 26. Ree7 {[%clk 0:45:41]} Rd4 {[%clk 0:24:04]} 27. Rg7+
{[%clk 0:45:14]} 1-0

[Event "H. C. Andersen Mindgames"]
[Site "?"]
[Date "2012.05.16"]
[Round "1.10"]
[White "Skytte, 1973, Toril"]
[Black "Bromann, 2411, IM Thorbjørn"]
[Result "0-1"]
[LiveChessVersion "1.3.1"]
[BlackElo "2411"]
[WhiteElo "1973"]

1. d4 {[%clk 1:30:58]} Nf6 {[%clk 1:28:52]} 2. Bf4 {[%clk 1:31:12]} g6
{[%clk 1:28:57]} 3. e3 {[%clk 1:31:27]} Bg7 {[%clk 1:29:22]} 4. Nf3
{[%clk 1:31:33]} O-O {[%clk 1:29:42]} 5. Be2 {[%clk 1:29:30]} d6 {[%clk 1:26:48]}
6. h3 {[%clk 1:29:46]} c5 {[%clk 1:23:27]} 7. c3 {[%clk 1:25:53]} b6
{[%clk 1:22:18]} 8. O-O {[%clk 1:24:32]} Bb7 {[%clk 1:22:20]} 9. Nbd2
{[%clk 1:22:48]} Nbd7 {[%clk 1:22:28]} 10. a4 {[%clk 1:19:02]} a6
{[%clk 1:21:32]} 11. Bh2 {[%clk 1:13:10]} Qc7 {[%clk 1:21:11]} 12. Qb1
{[%clk 1:00:44]} e5 {[%clk 1:16:13]} 13. b4 {[%clk 0:56:06]} Rfe8
{[%clk 1:11:24]} 14. Bc4 {[%clk 0:48:25]} Rac8 {[%clk 1:06:00]} 15. Qb3
{[%clk 0:46:21]} Re7 {[%clk 1:00:15]} 16. bxc5 {[%clk 0:42:05]} bxc5
{[%clk 0:59:08]} 17. Ng5 {[%clk 0:40:31]} d5 {[%clk 0:47:08]} 18. Be2
{[%clk 0:40:33]} Qc6 {[%clk 0:44:02]} 19. Rfb1 {[%clk 0:39:14]} Ba8
{[%clk 0:42:07]} 20. Ngf3 {[%clk 0:37:42]} exd4 {[%clk 0:38:01]} 21. cxd4
{[%clk 0:37:43]} Ne4 {[%clk 0:36:05]} 22. Ra2 {[%clk 0:32:05]} cxd4
{[%clk 0:27:43]} 23. Nxd4 {[%clk 0:30:45]} Bxd4 {[%clk 0:27:02]} 24. exd4
{[%clk 0:29:51]} Nc3 {[%clk 0:26:08]} 25. Bg4 {[%clk 0:27:34]} Nxb1
{[%clk 0:23:57]} 26. Qxb1 {[%clk 0:27:39]} f5 {[%clk 0:20:17]} 27. Bf3
{[%clk 0:27:20]} Rce8 {[%clk 0:20:33]} 28. Qd3 {[%clk 0:23:22]} Re1+
{[%clk 0:20:08]} 29. Nf1 {[%clk 0:23:46]} Qc1 {[%clk 0:20:27]} 30. Be2
{[%clk 0:14:46]} R8xe2 {[%clk 0:19:39]} 31. Qxe2 {[%clk 0:14:47]} Rxe2
{[%clk 0:20:04]} 32. Rxe2 {[%clk 0:15:12]} Bc6 {[%clk 0:19:58]} 0-1

[Event "H. C. Andersen Mindgames"]
[Site "?"]
[Date "2012.05.16"]
[Round "1.11"]
[White "Lund, 2401, IM Silas"]
[Black "Johansen, 1967, Johnny Holler"]
[Result "1-0"]
[LiveChessVersion "1.3.1"]
[BlackElo "1967"]
[WhiteElo "2401"]

1. d4 {[%clk 1:30:57]} Nf6 {[%clk 1:30:51]} 2. Nf3 {[%clk 1:30:53]} g6
{[%clk 1:31:03]} 3. Bg5 {[%clk 1:30:23]} Bg7 {[%clk 1:31:27]} 4. Nbd2
{[%clk 1:29:50]} d6 {[%clk 1:31:32]} 5. e3 {[%clk 1:27:34]} O-O {[%clk 1:31:46]}
6. Bc4 {[%clk 1:26:00]} Nbd7 {[%clk 1:30:06]} 7. O-O {[%clk 1:25:10]} c5
{[%clk 1:30:17]} 8. c3 {[%clk 1:24:02]} b6 {[%clk 1:29:16]} 9. a4
{[%clk 1:23:37]} Bb7 {[%clk 1:29:35]} 10. Re1 {[%clk 1:19:11]} Rc8
{[%clk 1:27:34]} 11. a5 {[%clk 1:18:10]} bxa5 {[%clk 1:15:23]} 12. Bf1
{[%clk 1:11:29]} Rb8 {[%clk 1:12:51]} 13. Nc4 {[%clk 1:00:47]} Bd5
{[%clk 1:08:51]} 14. Nfd2 {[%clk 0:54:49]} Ne4 {[%clk 1:00:30]} 15. Nxe4
{[%clk 0:54:26]} Bxe4 {[%clk 1:00:52]} 16. Nxd6 {[%clk 0:51:11]} Bd5
{[%clk 0:58:06]} 17. Nc4 {[%clk 0:42:41]} Bxc4 {[%clk 0:53:38]} 18. Bxc4
{[%clk 0:42:59]} Rxb2 {[%clk 0:53:15]} 19. Qc1 {[%clk 0:42:39]} Qb6
{[%clk 0:42:10]} 20. Bxe7 {[%clk 0:41:29]} Rb8 {[%clk 0:42:31]} 21. Qd1
{[%clk 0:39:21]} Bf6 {[%clk 0:39:08]} 22. Qf3 {[%clk 0:38:24]} Re8
{[%clk 0:33:46]} 23. dxc5 {[%clk 0:36:59]} Nxc5 {[%clk 0:28:52]} 24. Bxf6
{[%clk 0:37:04]} Ne4 {[%clk 0:29:01]} 25. Bxf7+ {[%clk 0:36:28]} 1-0

[Event "H. C. Andersen Mindgames"]
[Site "?"]
[Date "2012.05.16"]
[Round "1.12"]
[White "Hansen, 1905, Ib Lynaes"]
[Black "Skytte, 2394, IM Rasmus"]
[Result "0-1"]
[LiveChessVersion "1.3.1"]
[BlackElo "2394"]
[WhiteElo "1905"]

1. e4 {[%clk 1:30:54]} c5 {[%clk 1:30:50]} 2. Nc3 {[%clk 1:31:18]} e6
{[%clk 1:30:56]} 3. g3 {[%clk 1:30:22]} d5 {[%clk 1:30:54]} 4. exd5
{[%clk 1:30:17]} exd5 {[%clk 1:31:12]} 5. Bg2 {[%clk 1:30:41]} Nf6
{[%clk 1:30:37]} 6. d4 {[%clk 1:29:55]} cxd4 {[%clk 1:29:55]} 7. Qxd4
{[%clk 1:28:48]} Nc6 {[%clk 1:30:01]} 8. Qd1 {[%clk 1:27:54]} Bg4
{[%clk 1:23:51]} 9. Nce2 {[%clk 1:26:59]} Bc5 {[%clk 1:21:54]} 10. Be3
{[%clk 1:21:01]} Bxe3 {[%clk 1:21:27]} 11. fxe3 {[%clk 1:21:24]} Qb6
{[%clk 1:21:24]} 12. Qc1 {[%clk 1:17:27]} O-O {[%clk 1:18:51]} 13. h3
{[%clk 1:14:10]} Bh5 {[%clk 1:15:43]} 14. Nf3 {[%clk 1:11:44]} Rfe8
{[%clk 1:15:23]} 15. g4 {[%clk 1:10:47]} Rxe3 {[%clk 1:08:41]} 16. gxh5
{[%clk 1:04:09]} Rae8 {[%clk 1:07:48]} 17. O-O {[%clk 1:01:20]} Rxe2+
{[%clk 1:07:21]} 18. Kh1 {[%clk 1:01:29]} Qc7 {[%clk 1:04:55]} 19. Qg5
{[%clk 1:00:32]} Ne4 {[%clk 1:04:48]} 20. Qxd5 {[%clk 0:59:18]} Nb4
{[%clk 0:57:26]} 21. Qb3 {[%clk 0:57:42]} Ng3+ {[%clk 0:53:04]} 22. Kg1
{[%clk 0:56:57]} Nxf1 {[%clk 0:49:38]} 23. Rxf1 {[%clk 0:56:53]} Qg3
{[%clk 0:49:11]} 24. Nh4 {[%clk 0:55:36]} Qxb3 {[%clk 0:48:59]} 25. cxb3
{[%clk 0:55:21]} Re1 {[%clk 0:49:04]} 26. Bxb7 {[%clk 0:51:30]} Nxa2
{[%clk 0:48:09]} 27. h6 {[%clk 0:48:17]} g6 {[%clk 0:44:38]} 28. Bd5
{[%clk 0:45:58]} Rxf1+ {[%clk 0:44:32]} 29. Kxf1 {[%clk 0:46:22]} Nb4
{[%clk 0:43:48]} 30. Bc4 {[%clk 0:45:41]} Nc2 {[%clk 0:43:33]} 31. Kf2
{[%clk 0:44:13]} Ne3 {[%clk 0:43:08]} 32. Be2 {[%clk 0:44:10]} Nf5
{[%clk 0:42:40]} 33. Nf3 {[%clk 0:43:27]} Nxh6 {[%clk 0:42:41]} 34. Nd4
{[%clk 0:42:52]} Rc8 {[%clk 0:36:21]} 35. b4 {[%clk 0:35:13]} Nf5
{[%clk 0:36:02]} 36. Nb5 {[%clk 0:34:57]} Rc2 {[%clk 0:35:37]} 37. Ke1
{[%clk 0:27:47]} Rxb2 {[%clk 0:35:25]} 38. Nxa7 {[%clk 0:28:10]} Rxb4
{[%clk 0:35:31]} 39. Nb5 {[%clk 0:27:21]} Nd4 {[%clk 0:35:23]} 40. Nc7
{[%clk 0:27:14]} Rb1+ {[%clk 0:35:15]} 0-1

[Event "H. C. Andersen Mindgames"]
[Site "?"]
[Date "2012.05.17"]
[Round "2.1"]
[White "Maksimenko, 2554, GM Andrei"]
[Black "Hansen, 2302, FM Mads"]
[Result "1/2-1/2"]
[LiveChessVersion "1.3.1"]
[BlackElo "2302"]
[WhiteElo "2554"]

1. c4 c5 2. g3 g6 3. Bg2 Bg7 4. Nc3 Nc6 5. Nf3 e6 6. d3 Nge7 7. Bf4 d5 8. cxd5
Nxd5 9. Nxd5 exd5 10. Qd2 O-O 11. Rc1 b6 12. Bh6 Qf6 13. Bxg7 Kxg7 14. O-O Bg4
15. h3 Bxf3 16. Bxf3 Rad8 17. Bg2 Rfe8 18. e3 h5 19. a3 a5 20. f4 Ne7 21. Qf2 Nf5
22. e4 dxe4 23. dxe4 1/2-1/2